Werder Bremen Kader 2024/25 - Statistiken

Allgemein
  • Dieses Quiz wurde 405 mal gespielt
  • Das Durchschnittsergebnis liegt bei 18 aus 23
Antwortstatistiken
Nationalität Spieler % Korrekt
Deutschland Michael Zetterer
94%
Deutschland/Algerien Mitchell Weiser
92%
Österreich Marco Friedl
91%
Dänemark Jens Stage
90%
Deutschland Marvin Ducksch
90%
Schottland Oliver Burke
89%
Österreich Romano Schmid
89%
Belgien Senne Lynen
82%
Deutschland Niklas Stark
81%
Deutschland Amos Pieper
80%
Argentinien Julian Malatini
79%
Deutschland Felix Agu
78%
Deutschland Justin Njinmah
78%
Portugal Andre Silva
77%
Deutschland Leonardo Bittencourt
77%
Österreich Marco Grüll
73%
Serbien Milos Veljkovic
73%
Frankreich Skelly Alvero
69%
Deutschland Derrick Köhn
66%
Deutschland Keke Topp
66%
Belgien Olivier Deman
66%
Deutschland Anthony Jung
65%
Burkina Faso Issa Kabore
61%
Keine übereinstimmenden Quizze gefunden
Verteilung der Resultate
Anzahl Personen mit jedem Resultat
Perzentil nach korrekt beantworteten Fragen
Ihre Resultats-Entwicklung
Sie haben dieses Quiz noch nicht gespielt